| 000 | 00488cam a22001812 4500 | ||
|---|---|---|---|
| 001 | 0000009948 | ||
| 005 | 20140825164400.0 | ||
| 008 | 070119s1973 enk 000 0 eng d | ||
| 020 | _a0716202158 : | ||
| 040 | _aPUL | ||
| 100 | 1 | _aBarth, Karl. | |
| 245 | 1 | 0 |
_aModern theology / _cedited with an introd. and notes by E. J. Tinsley. |
| 260 |
_aLondon : _bEpworth Press, _c1973] |
||
| 300 |
_a347 p. ; _c20 cm. |
||
| 650 | 0 | _aTheology. | |
| 908 | _a070119 | ||
| 050 |
_aBR85 _b.B4188 1973 |
||
| 999 |
_c9470 _d9470 |
||